Maori Words - Basic - Statistics

General Stats
  • This quiz has been taken 829 times
  • The average score is 10 of 14
Answer Stats
Hint Answer % Correct
Kia Ora Hello
95%
Papa Dad
94%
Mama Mum
88%
Aotearoa New Zealand
88%
Ka Kite Goodbye/See You
82%
Whanau Family
75%
Haere Mai Welcome
71%
Ae Yes
63%
Ahau/Au Me
62%
Tamariki Children
60%
Kahore/Kao No
59%
Koe You
56%
Kura School
52%
Kainga Home
39%
No matching quizzes found
Score Distribution
Percent of People with Each Score
Percentile by Number Answered
Your Score History
You have not taken this quiz